Представление документа в формате RUSMARC

ПолеНазваниеЗначение
  Тип записи a
  Библиографический уровень m
001 Контрольный номер RU/SLIB/B/208753413
005 Дата корректировки 20201206204141.9
010 Индекс ISBN __
d Цена 0-70
101 Язык документа __
a Язык текста rus
c Язык оригинала rus
200 Заглавие и сведения об ответственности 1_
a Заглавие Шаляпин и Горький
e Сведения, относящиеся к заглавию история взаимоотношений в контексте общественного и литературно-художественного процесса конца XIX - первой трети ХХ века
f Первые сведения об ответственности Дмитриевский В. Н.
b Общее обозначение материала Текст
210 Выходные данные __
a Место издания Л.
c Издательство Музыка
d Дата издания 1981
215 Физическое описание __
a Объем 240 с.
600 Персоналии __
a Персоналии (Фамилия) Шаляпин, Ф. И.
600 Персоналии __
a Персоналии (Фамилия) Горький, М.
c Дополнение к имени Пешков, А. М.
606 Тематические рубрики __
a Основная рубрика Музыка и зрелищные искусства
z Хронологическая подрубрика 19 в.; 20 в.
606 Тематические рубрики __
a Основная рубрика Оперный театр
606 Тематические рубрики __
a Основная рубрика Литературоведение
606 Тематические рубрики __
a Основная рубрика Русская литература XX в.
610 Ключевые слова __
a Ключевые слова певцы; артисты; писатели; прозаики; персоналии; литературное творчество; музыкальное творчество; биографии
686 Индексы других классификаций __
a Классификационный индекс 85.335.41(2)
a Классификационный индекс 83.3(2Рос=Рус)6-8
700 Автор __
a Фамилия Дмитриевский
b Имя В. Н.
4 Код отношения 070
801 Источник записи _0
a Страна RU
b Организация Муниципальное бюджетное учреждение культуры "Централизованная библиотечная система" г. Сургут (Центральная городская библиотека им. А. С. Пушкина)
g Правила каталогизации КиК/Михайлова
801 Источник записи _1
a Страна RU
b Организация Муниципальное бюджетное учреждение культуры "Централизованная библиотечная система" г. Сургут (Центральная городская библиотека им. А. С. Пушкина)
g Правила каталогизации КиК/Михайлова
852 Данные о местонахождении __
j Шифр хранения 85.335.41(2)
c Каталожный индекс 85.335.41(2); 83.3(2Рос=Рус)6-8
i Авторский знак Д 53
p Инвентарный номер 7645
901 Тип документа __
t Тип документа m
990 Данные о заказе (DOS) __
j Количество экземпляров (DOS) 3